Nghiên cứu biến tính xúc tác nền TiO2-P25 Degussa với Magie và Nitơ để xử lý chất ô nhiễm hữu cơ L : Chuyên ngành hóa lí

Nội dung đề tài khảo sát ảnh hưởng của pH, cường độ ánh sáng đến hoạt tính của xúc tác, khảo sát độ bền và khả năng tái sử dụng của xúc tác TiO2 biến tính.

Gorde:
Xehetasun bibliografikoak
Egile nagusia: Hà, Thị Bích Thảo
Formatua: Liburua
Hizkuntza:Undetermined
Argitaratua: Cần Thơ Trường Đại học Cần Thơ 2008
Gaiak:
Etiketak: Etiketa erantsi
Etiketarik gabe, Izan zaitez lehena erregistro honi etiketa jartzen!
Thư viện lưu trữ: Trung tâm Học liệu Trường Đại học Cần Thơ
LEADER 01109nam a2200217Ia 4500
001 CTU_137259
008 210402s9999 xx 000 0 und d
082 |a 541.3 
082 |b Th108 
088 |a 60440119 
100 |a Hà, Thị Bích Thảo 
245 0 |a Nghiên cứu biến tính xúc tác nền TiO2-P25 Degussa với Magie và Nitơ để xử lý chất ô nhiễm hữu cơ L : 
245 0 |b Chuyên ngành hóa lí 
245 0 |c Hà Thị Bích Thảo ; Nguyễn Thị Dung giáo viên hướng dẫn 
260 |a Cần Thơ 
260 |b Trường Đại học Cần Thơ 
260 |c 2008 
520 |a Nội dung đề tài khảo sát ảnh hưởng của pH, cường độ ánh sáng đến hoạt tính của xúc tác, khảo sát độ bền và khả năng tái sử dụng của xúc tác TiO2 biến tính. 
650 |a Chemistry, physical and theoretical,Hóa học, vật lý và lý thuyết 
904 |i Tuyến 
980 |a Trung tâm Học liệu Trường Đại học Cần Thơ